000 00844cam a22002537a 4500
999 _c4333
_d4333
001 2843424
003 GBCCL
005 20241126110516.0
008 850314s1984 ilu 000 0 eng
010 _a 84050147
020 _a0896933806
040 _aDLC
_cDLC
_dDLC
050 0 0 _aMLCS 85/2042 (B)
082 _a227.9
_bWIE
100 1 _aWiersbe, Warren W.
_9623
245 1 0 _aBe alert /
_cWarren W. Wiersbe.
260 _aWheaton, Ill. :
_bVictor Books,
_cc1984.
300 _a168 p. ;
_c21 cm.
650 _aBible- NT
_v2 Peter
_xstudy
_98168
856 4 2 _3Contributor biographical information
_uhttp://www.loc.gov/catdir/enhancements/fy0909/84050147-b.html
856 4 2 _3Publisher description
_uhttp://www.loc.gov/catdir/enhancements/fy0909/84050147-d.html
906 _a7
_bcbc
_corignew
_du
_eocip
_f19
_gy-gencatlg
942 _2ddc
_cBK
_012